| 000 | 01037nam a22002777a 4500 | ||
|---|---|---|---|
| 005 | 20080808145417.0 | ||
| 008 | 080808t xxu||||| |||| 00| 0 eng d | ||
| 010 | _aENG-90692 | ||
| 020 |
_a0195698347 _c345.00 |
||
| 035 | _aEN-74225 | ||
| 037 | _bDBAD / PUB | ||
| 040 |
_aDPL _bENGLISH |
||
| 082 | _a306.6 | ||
| 100 | _aMadan, T.N. | ||
| 245 |
_aImages of the world : _cby T.N. Madan _bessays on religion, secularism, and culture / |
||
| 260 |
_aNew Delhi _bOxford University Press _c2008 |
||
| 300 |
_axii, 398 p. _c22 cm.(pbk) |
||
| 500 | _aIncludes bibliographical references and index. | ||
| 520 | _a With special reference to India. | ||
| 650 |
_aReligion and politics _zIndia |
||
| 650 |
_aReligion and culture _zIndia |
||
| 650 |
_aReligion and sociology _zIndia |
||
| 650 |
_aSecularism _zIndia |
||
| 942 |
_2ddc _cEN _h306.6 _mMAD |
||
| 999 |
_c14773 _d14773 |
||